European property developers & investors directory - 2003 edition (Record no. 102529)

MARC details
000 -LEADER
fixed length control field 01124cam a2200265 4500
001 - CONTROL NUMBER
control field J11970
008 - FIXED-LENGTH DATA ELEMENTS--GENERAL INFORMATION
fixed length control field 000000n2003 000 0 eng u
035 ## - SYSTEM CONTROL NUMBER
System control number (Sirsi) u120546
041 ## - LANGUAGE CODE
Language code of text/sound track or separate title eng.
050 ## - LIBRARY OF CONGRESS CALL NUMBER
Classification number 332.6324094
-- 18
110 ## - MAIN ENTRY--CORPORATE NAME
Corporate name or jurisdiction name as entry element Property Data Limited
9 (RLIN) 3654
245 ## - TITLE STATEMENT
Title European property developers & investors directory - 2003 edition
260 ## - PUBLICATION, DISTRIBUTION, ETC.
Place of publication, distribution, etc. London
Name of publisher, distributor, etc. Property Data Limited
Date of publication, distribution, etc. 2003
300 ## - PHYSICAL DESCRIPTION
Extent 208p.
Dimensions 31cm.
350 ## - PRICE (NR) (BK AM CF MU VM SE) [OBSOLETE]
Price 250
520 ## - SUMMARY, ETC.
Summary, etc. Includes the following listings and information: an index of European property developers and investors with website links; index of property developers and investors by regional and sector specialisation; detailed profiles of property companies and funds operating in more than one European country; profiles of property companies and funds by head office location and sector specialisation; detailed profiles of the major European property funds.
650 ## - SUBJECT ADDED ENTRY--TOPICAL TERM
Topical term or geographic name entry element DIRECTORIES
650 ## - SUBJECT ADDED ENTRY--TOPICAL TERM
Topical term or geographic name entry element INVESTORS
650 ## - SUBJECT ADDED ENTRY--TOPICAL TERM
Topical term or geographic name entry element PROPERTY FUNDS
650 ## - SUBJECT ADDED ENTRY--TOPICAL TERM
Topical term or geographic name entry element DEVELOPERS
650 ## - SUBJECT ADDED ENTRY--TOPICAL TERM
Topical term or geographic name entry element REAL ESTATE
650 ## - SUBJECT ADDED ENTRY--TOPICAL TERM
Topical term or geographic name entry element EUROPE
690 ## - LOCAL SUBJECT ADDED ENTRY--TOPICAL TERM (OCLC, RLIN)
Topical term or geographic name as entry element INTERNATIONAL-EUROPE
942 ## - ADDED ENTRY ELEMENTS (KOHA)
Suppress in OPAC 0
Holdings
Withdrawn status Lost status Source of classification or shelving scheme Damaged status Not for loan Home library Current library Shelving location Date acquired Cost, normal purchase price Total Checkouts Full call number Barcode Date last seen Copy number Cost, replacement price Price effective from Koha item type
    Dewey Decimal Classification     London London Basement 27/02/2003 204.50   RESERVE SHELF 321 30068404 06/08/2019 1 204.50 06/08/2019 Reference material